| 000 | 00822nam a2200229 a 4500 | ||
|---|---|---|---|
| 001 | 000011226 | ||
| 005 | 20240412074224.0 | ||
| 008 | 091015s2005 dr r 000 p spa d | ||
| 020 | _a9993498726 | ||
| 040 |
_aDO-SdBNP _bspa _cBNPHU |
||
| 082 |
_aRD861.44 _bT266n |
||
| 100 | 1 |
_aTejeda Cabrera, Adolfo, _d1946- _926787 |
|
| 245 | 1 | 0 |
_aNoches de entrega : _bpoemas y pensamientos / _cAdolfo Tejeda Cabrera ; editor Rafael Gonell ; prólogo S. Suazo, R. Gonell. |
| 260 |
_aSanto Domingo : _bGonell's Enterpriser y Asocs, _c2005. |
||
| 300 |
_a105 p. ; _c22 cm. |
||
| 590 | _aInventariado, 2019/LP | ||
| 650 | 0 |
_aPoesía dominicana _966 |
|
| 650 | 0 |
_aLiteratura dominicana. _967 |
|
| 700 | 1 |
_aGonell, Rafael, _eed. _919686 |
|
| 700 | 1 |
_aSuazo, S., Gonell R., _epról. _926788 |
|
| 910 | _aValidado. Control de calidad. MMOLINA | ||
| 999 |
_c10945 _d10945 |
||